The Global Technology Revolution China, In-Depth Analyses (Record no. 352670)
[ view plain ]
| 000 -LEADER | |
|---|---|
| fixed length control field | 00776nam a2200133Ia 4500 |
| 008 - FIXED-LENGTH DATA ELEMENTS--GENERAL INFORMATION | |
| fixed length control field | 171212s9999 xx 000 0 und d |
| 020 ## - INTERNATIONAL STANDARD BOOK NUMBER | |
| International Standard Book Number | 9780833046475 |
| 100 ## - MAIN ENTRY--PERSONAL NAME | |
| Personal name | Silberglitt, Richard;Wong, Anny |
| 245 ## - TITLE STATEMENT | |
| Statement of responsibility, etc | Silberglitt, Richard;Wong, Anny |
| Title | The Global Technology Revolution China, In-Depth Analyses |
| Remainder of title | Emerging Technology Opportunities for the Tianjin Binhai New Area (TBNA) and the Tianjin Economic-Technological Development Area (TEDA) |
| 260 ## - PUBLICATION, DISTRIBUTION, ETC. (IMPRINT) | |
| Name of publisher, distributor, etc | RAND Corporation |
| Date of publication, distribution, etc | 2009 |
| 650 ## - SUBJECT ADDED ENTRY--TOPICAL TERM | |
| Topical term or geographic name as entry element | Education |
| 650 ## - SUBJECT ADDED ENTRY--TOPICAL TERM | |
| Topical term or geographic name as entry element | Research, Industrial -- China -- Tianjin; Technological innovations -- China -- Tianjin; Economic development -- China -- Tianjin; Technology and state -- China -- Tianjin; Binhai Xinqu (Tianjin, China) |
| 856 ## - ELECTRONIC LOCATION AND ACCESS | |
| Uniform Resource Identifier | <a href="www.jstor.org/stable/10.7249/tr649tbna-teda">www.jstor.org/stable/10.7249/tr649tbna-teda</a> |
| Withdrawn status | Lost status | Damaged status | Home library | Current library | Date acquired | Total Checkouts | Full call number | Date last seen | Price effective from | Koha item type |
|---|---|---|---|---|---|---|---|---|---|---|
| College Library | College Library | 12/12/2017 | T177.C5G586 2009 | 12/12/2017 | 12/12/2017 | Curriculum - Based eBooks |